| 000 | 00527nam a22001817a 4500 | ||
|---|---|---|---|
| 003 | OSt | ||
| 005 | 20160726191808.0 | ||
| 008 | 160726b xxu||||| |||| 00| 0 eng d | ||
| 020 | _a0727913867 | ||
| 040 | _c040a | ||
| 082 |
_aWB 141 _bC615 1999 |
||
| 245 |
_aClinical evidence : _ba compendium of the best available evidence for effective health care / |
||
| 260 |
_aLondon _bBMJ publishing group _c1999 |
||
| 300 |
_axx, 843p; _c14 cm. |
||
| 504 | _aIncludes index | ||
| 650 |
_aClinical evidence _910482 |
||
| 942 |
_2z _cO_SHELF |
||
| 999 |
_c4877 _d4877 |
||